|
|
|
|
| LEADER |
00000nab a2200000 a 4500 |
| 001 |
vtls008424430 |
| 003 |
SK-MaSNL |
| 005 |
20260304231448.0 |
| 008 |
250505c2005 xo mr|p|||||||000 b|slo |
| 015 |
|
|
|a SNBRB2006/01
|2 snkbucl
|
| 035 |
|
|
|a (uuid)af1b3593-e19d-4724-97bd-45e9633d86e2
|
| 035 |
|
|
|a urn:nbn:sk:snk-abwik
|
| 035 |
|
|
|a (urnnbn)urn:nbn:sk:snk:ar-a03rbo
|
| 038 |
|
|
|a SNKBUCL
|
| 040 |
|
|
|a SNKBUCL
|b slo
|c SNKBUCL
|e AACR2
|
| 041 |
0 |
|
|a slo
|
| 044 |
|
|
|a xo
|c SK
|
| 080 |
|
|
|a 351.777.61:004.9
|x (437.6)
|2 1997
|
| 080 |
|
|
|a 504.064
|x (437.6)
|2 1997
|
| 080 |
|
|
|a 004.9:628.3/.5
|x (437.6)
|2 1997
|
| 080 |
|
|
|a 628.3/.5:004.9
|x (437.6)
|2 1997
|
| 100 |
1 |
|
|a Jančárik, Alexander
|4 aut
|9 754923
|
| 245 |
1 |
0 |
|a Spôsob zberu, verifikácie a interpretácie údajov v Regionálnom informačnom systéme o odpadoch (RISO)
|c Alexander Jančárik, Jakub Soldán
|
| 300 |
|
|
|b Mp., sch.
|
| 650 |
0 |
7 |
|a odpadové hospodárstvo
|2 snkbucl
|9 3603
|
| 650 |
0 |
7 |
|a informačné systémy
|2 snkbucl
|9 1128
|
| 650 |
0 |
7 |
|a Regionálny informačný systém o odpadoch
|2 snkbucl
|9 1564777
|
| 700 |
1 |
|
|a Soldán, Jakub
|4 aut
|9 82562
|
| 773 |
0 |
|
|t Odpady
|g Roč. 5, č. 10 (2005), s. 30-31
|x 1335-7808
|
| 850 |
|
|
|a Slovenská národná knižnica
|
| 852 |
|
|
|a Slovenská národná knižnica
|
| 954 |
|
|
|a odborná, vedecká literatúra pôvodná (slovenská)
|2 lita
|
| 958 |
|
|
|a article2022
|
| 958 |
|
|
|a OND
|
| 958 |
|
|
|a EUIPO
|
| 999 |
|
|
|c 3188917
|d 3190847
|